000 00699nam a2200229 a 4500
001 52683
003 BD-RjUL
005 20211209075838.0
008 160925s1954 enk||||| |||| 00| 0 eng d
035 _a(BD-RjUL)52803
040 _aBD-RjUL
_beng
_cBD-RjUL
_dBD-RjUL
041 _aeng
082 _223
_a330.9
_bMAE 1954
100 _aMayers, N.
_9157563
245 1 0 _aEcuador :
_beconomic and commercial conditions in Ecuador /
_cN. Mayers
260 _aLondon :
_bHer Majestys Stationeryboffice,
_c1954
300 _aiv, 45 p. :
_bill. :
_c25 cm.
490 _aOverseas economic surveys
650 _aEconomic conditions
_9157564
830 _aOverseas economic surveys
_9133628
942 _2ddc
_cBK
999 _c52683
_d52683